• 首页
  • 本馆介绍
  • 公告通知
  • 最新文献
  • 馆藏检索
  • 电子资源
  • 读者导购
  • 参考咨询
  • 我的图书馆
  • 登录
  • 详细信息显示
  • 放入我的书架
  • 预约/预借图书
  • 作者相关作品
  • 分类相关作品
  • 丛书相关作品
  • 出版社相关作品

书目信息

  • 表格格式
  • 工作单格式
  • 卡片格式
题名:
专家门诊-----Delphi开发答疑300问
    
 
作者: 张增强 著
分册:  
出版信息: 北京   人民邮电  2003
页数: 335
开本: 26cm
丛书名:
单 册:
中图分类: TP321DE
科图分类:
主题词: 计算器 , 电子计算机--一般计算器和计算机
电子资源:
ISBN: 7-115-11306-X
000 00612nam0 2200193 450
001 0737190390
005 20070818101950.39
010    @a7-115-11306-X@d¥38.00
100    @a20070818d km y0chiy0120 ea
101 0  @achi
200 1  @a专家门诊-----Delphi开发答疑300问@Azhuan jia men zhen-----Delphi kai fa da yi 300 wen@f张增强著@Fzhang zeng qiang zhu
210    @a北京@c人民邮电@d2003
215    @a335@d26cm@e1CD*3
606 0  @a计算器
606 0  @a电子计算机@x一般计算器和计算机
690    @aTP321DE@v3
701  0 @a张增强@Azhang zeng qiang@4著
801  0 @aCN@bPFT@c20070818
905    @a213230@dTP321DE@eJ72ZZ@f1
    
    专家门诊-----Delphi开发答疑300问/张增强著.-北京:人民邮电,2003
    335;26cm+1CD*3
    
    
    ISBN 7-115-11306-X:¥38.00
    
●
相关链接 在E读中查询图书 在五车中查询图书 在当当中查询图书 在豆瓣中查询图书


正题名:专家门诊-----Delphi开发答疑300问     索取号:TP321DE/J72ZZ         预约/预借

序号 登录号 条形码 馆藏地/架位号 状态 备注
1 6101828   261018286   计算机科学系资料室/ [索取号:TP321DE/J72ZZ] 在馆    
2 6101829   261018295   计算机科学系资料室/ [索取号:TP321DE/J72ZZ] 在馆    
3 6101830   261018302   计算机科学系资料室/ [索取号:TP321DE/J72ZZ] 在馆    
唐山师范学院图书馆 欢迎您!
大连网信软件有限公司© 版权所有